Family medical guide to health and fitness in three illustrated volumes: (Record no. 484)
[ view plain ]
| 000 -LEADER | |
|---|---|
| fixed length control field | 00715nam a22002297a 4500 |
| 001 - ACCESSION NUMBER | |
| control field | 29660 |
| 003 - CONTROL NUMBER IDENTIFIER | |
| control field | OSt |
| 005 - DATE AND TIME OF LATEST TRANSACTION | |
| control field | 20140918092309.0 |
| 008 - FIXED-LENGTH DATA ELEMENTS--GENERAL INFORMATION | |
| fixed length control field | 140918b xxu||||| |||| 00| 0 eng d |
| 020 ## - INTERNATIONAL STANDARD BOOK NUMBER | |
| International Standard Book Number | 0816317178 |
| 040 ## - CATALOGING SOURCE | |
| Transcribing agency | DLC |
| 082 ## - DEWEY DECIMAL CLASSIFICATION NUMBER | |
| Classification number | 616.024 |
| 100 ## - MAIN ENTRY--PERSONAL NAME | |
| Relator code | Hardinge, Mervyn |
| 245 ## - TITLE STATEMENT | |
| Title | Family medical guide to health and fitness in three illustrated volumes: |
| Remainder of title | volume 2 family health and general diseases/ |
| Statement of responsibility, etc. | Mervyn G. Hardinge and Harold Shryock |
| 260 ## - PUBLICATION, DISTRIBUTION, ETC. (IMPRINT) | |
| Place of publication, distribution, etc. | Ontario, Canada |
| Name of publisher, distributor, etc. | Pacific Press |
| Date of publication, distribution, etc. | c1991 |
| 300 ## - PHYSICAL DESCRIPTION | |
| Extent | 533p., |
| Other physical details | ill.; (some col.) |
| Dimensions | 26cm. |
| 504 ## - BIBLIOGRAPHY, ETC. NOTE | |
| Bibliography, etc | Includes bibliographical references and index |
| 600 ## - SUBJECT ADDED ENTRY--PERSONAL NAME | |
| Source of heading or term | Health |
| 610 ## - SUBJECT ADDED ENTRY--CORPORATE NAME | |
| Source of heading or term | Nutrition |
| 700 ## - ADDED ENTRY--PERSONAL NAME | |
| Relator code | Shryock, Harold |
| 942 ## - ADDED ENTRY ELEMENTS (KOHA) | |
| Source of classification or shelving scheme | Dewey Decimal Classification |
| Koha item type | Books |
| Withdrawn status | Lost status | Source of classification or shelving scheme | Damaged status | Not for loan | Home library | Current library | Date acquired | Total Checkouts | Full call number | Date last seen | Price effective from | Koha item type |
|---|---|---|---|---|---|---|---|---|---|---|---|---|
| Dewey Decimal Classification | Staff Collection | Wesley Powell Learning Resource Centre | Wesley Powell Learning Resource Centre | 09/18/2014 | T/616.024 TEC (45741) | 09/18/2014 | 09/18/2014 | Books | ||||
| Dewey Decimal Classification | Not For Loan | Wesley Powell Learning Resource Centre | Wesley Powell Learning Resource Centre | 09/18/2014 | RBC/616.024 TEC (45743) | 09/18/2014 | 09/18/2014 | Books | ||||
| Dewey Decimal Classification | Wesley Powell Learning Resource Centre | Wesley Powell Learning Resource Centre | 09/18/2014 | RBC/616.024 TEC (45742) | 09/18/2014 | 09/18/2014 | Books |